Odhad neznámych parametrov metódou maximálnej vierohodnosti
Saved in:
| Main Author: | |
|---|---|
| Other Authors: | |
| Format: | Manuscript Book |
| Language: | Slovak |
| Published: |
Bratislava :
STU v Bratislave SvF,
2014
|
| Subjects: | |
| Online Access: | VAIS https://opac.crzp.sk/?fn=detailBiblioForm&sid=B0185F20487F70888D1D3860D476 |
| Tags: |
No Tags, Be the first to tag this record!
|
MARC
| LEADER | 00000ntm a22000003a 4500 | ||
|---|---|---|---|
| 001 | stu297636 | ||
| 005 | 20231004113739.9 | ||
| 008 | 140919s2014----xo------------------slo-d | ||
| 040 | |a STU |b slo | ||
| 041 | 0 | |a slo | |
| 044 | |a xo | ||
| 100 | 1 | |a Reisinger, Matúš, |d 1992- |4 aut |u V |T SvF Stavebná fakulta |X 9735 |U V |Y 10 |7 A000009735 | |
| 242 | 0 | 0 | |a Estimate of unknown parameters by maximum likelihood method |y eng |
| 245 | 1 | |a Odhad neznámych parametrov metódou maximálnej vierohodnosti | |
| 260 | |a Bratislava : |b STU v Bratislave SvF, |c 2014 | ||
| 650 | 7 | |a geodézia a kartografia |2 stusub | |
| 650 | 7 | |a Geodesy and Cartography |2 estusub | |
| 650 | 7 | |a metóda najmenších štvorcov |2 stusub | |
| 700 | 1 | |a Hábel, Branislav, |d 1985- |4 ths |u V130 |U SvF Stavebná fakulta |T SvF Katedra geodetických základov |X 10693 |U V130 |Y 13 |7 A000010693 | |
| 856 | 4 | |a info a plný text |u http://is.stuba.sk/zp/portal_zp.pl?podrobnosti=90154 |3 VAIS | |
| 856 | 4 | |a CRZP |u https://opac.crzp.sk/?fn=detailBiblioForm&sid=B0185F20487F70888D1D3860D476 | |